Adolfo Bioy Casares /
Guardado en:
| Autor principal: | |
|---|---|
| Formato: | Desconocido |
| Lenguaje: | French |
| Publicado: |
Argentina:
Ediciones Culturales Argentinas,
1963.
|
| Materias: | |
| Etiquetas: |
Agregar Etiqueta
Sin Etiquetas, Sea el primero en etiquetar este registro!
|
MARC
| LEADER | 000000000a22000000004500 | ||
|---|---|---|---|
| 001 | 001533 | ||
| 008 | 170801s1984 fr ao||| |||| 00| 0bfre d | ||
| 041 | 0 | |a Español | |
| 082 | |a 263.3 |b R222-i | ||
| 100 | 1 | |a Kovacci, Ofelia | |
| 245 | 1 | 0 | |a Adolfo Bioy Casares / |c Ofelia Kovacci |
| 260 | |a Argentina: |b Ediciones Culturales Argentinas, |c 1963. | ||
| 300 | |a 139 páginas : |b ilustraciones, fotografías | ||
| 500 | |a Número de inscripción 12490 (Colección George Yúdice) | ||
| 600 | 4 | |a BIOY CASARES, ADOLFO |d 1914-1999 | |
| 650 | 4 | |a BIOY CASARES, ADOLFO, 1914-1999 | |
| 942 | |2 ddc |c BK | ||
| 999 | |c 2525 |d 2525 | ||
